Frontières maritimes de la France - Statistiques

Statistiques générales
  • Ce quiz a été pris 67 fois
  • Le résultat moyen est 21 sur 30
Réponses sur la Carte
Les réponses sont colorées sur une échelle allant du rouge au vert en fonction du pourcentage des utilisateurs qui les ont devinées à leur premier essai. Vous pouvez retrouver ces pourcentages ci-dessous.
 
Statistiques - réponses
Réponse % Correct
Espagne
100%
Royaume-Uni
98%
Madagascar
95%
Australie
93%
Brésil
93%
Italie
93%
Etats-Unis
91%
Suriname
88%
Belgique
86%
Nouvelle-Zélande
86%
Mozambique
76%
Canada
74%
Fidji
74%
Pays-Bas
74%
Comores
72%
Tonga
67%
Ile Maurice
66%
Samoa
60%
Sainte Lucie
57%
Vanuatu
57%
Barbade
55%
Dominique
55%
Seychelles
55%
Tuvalu
55%
Iles Salomon
52%
Kiribati
52%
Saint-Christophe-et-Niévès
52%
Monaco
48%
Antigua-et-Barbuda
47%
Vénézuela
36%
Aucun quiz correspondant
Distribution des résultats
% des personnes avec chaque résultat
Percentile par nombre de réponses
Votre historique - résultats
Vous n’avez pas pris ce quiz